000 00272nam a22001217a 4500
008 170613b xxu||||| |||| 00| 0 eng d
041 _aeng
080 _a94
100 _a19
101 _aSHP
245 _aREFOTMING AFRICA INSTITUTIONS
_cMUGERWA.S.JK
942 _2udc
_cBK
999 _c17105
_d17105